Capitali Africane - Statistics

Statistiche generali
  • Questo quiz è stato fatto 13.664 volte
    837 dall'ultimo reset
  • Il punteggio medio è 29 su 56
Statistiche sulle risposte
Hint Risposta % Corretto
Algeria Algeri
97%
Egitto Il Cairo
85%
Marocco Rabat
81%
Kenia Nairobi
78%
Etiopia Addis Abeba
77%
Libia Tripoli
77%
Tunisia Tunisi
74%
Gibuti Gibuti
69%
Angola Luanda
69%
Madagascar Antananarivo
68%
Guinea-Bissau Bissau
68%
Senegal Dakar
67%
Sudafrica (Amministrativa) Pretoria
66%
Sudafrica (Legislativa) Città del Capo
64%
Eritrea Asmara
63%
Ghana Accra
58%
Botswana Gaborone
56%
São Tomé e Príncipe São Tomé
56%
Repubblica Democratica del Congo Kinshasa
55%
Somalia Mogadiscio
55%
Gabon Libreville
53%
Capo Verde Praia
53%
Camerun Yaoundé
53%
Ciad N'Djamena
52%
Benin Porto-Novo
52%
Nigeria Abuja
51%
Sierra Leone Freetown
51%
Repubblica del Congo Brazzaville
50%
Liberia Monrovia
50%
Mozambico Maputo
48%
Burkina Faso Ouagadougou
48%
Seychelles Victoria
48%
Comore Moroni
44%
Gambia Banjul
43%
Guinea Conakry
41%
Zimbabwe Harare
40%
Togo Lomé
40%
Namibia Windhoek
40%
Costa d'Avorio Yamoussoukro
40%
Lesotho Maseru
39%
Uganda Kampala
38%
Sudan Khartum
38%
Ruanda Kigali
38%
Malawi Lilongwe
38%
Mali Bamako
37%
Burundi Gitega
37%
Maurizio Port Louis
37%
Tanzania Dodoma
35%
Sudafrica (Giudiziaria) Bloemfontein
34%
Sudan del Sud Giuba
34%
Repubblica Centrafricana Bangui
33%
Zambia Lusaka
33%
eSwatini Mbabane
33%
Niger Niamey
33%
Mauritania Nouakchott
30%
Guinea Equatoriale Città della Pace
23%
Nessun quiz corrispondente trovato
Distribuzione punteggi
Percentuale di utenti per punteggio
Percentile per numero di risposta
I tuoi punteggi nel tempo
Non hai fatto questo quiz dall'ultimo reset